000 00399nam a2200157Ia 4500
008 230718s9999 xx 000 0 und d
041 _aeng
082 _a629.83
_bBHI
100 _aBhide S.D.
245 _aFeedback Control Systems
260 _c1993
_bShree Publication
300 _a339
365 _cRs.
_b100.00
700 _aBhide S.D. & Bakshi U.A.
906 _dB:61719-Oct-1993
_cETC
_b15
999 _c291414
_d291414